000 00668nam a22002177a 4500
999 _c17408
_d17408
003 AR-CdUCM
008 190508b ||||| |||| 00| 0 spa d
040 _aMUNICIPALIDAD PROVINCIAL DEL CUSCO
_cBIBLIOTECA MUNICIPAL DEL CUSCO
082 _a335.6 /
_bD18
100 _aDavid, Claude
_937404
245 _aLa Alemania de Hitler /
260 _aMéxico :
_bDiana,
_c1965.
300 _a129 páginas ;
_c18 cm.
505 _aContenido: La conquista del poder -- El hitlerismo en el poder.
650 _aNazis
_9359
650 _aHitler
_92451
650 _aAlemania
_91327
700 _aAlba, Adolfo A. de
_937405
942 _2ddc
_cLIBROS
945 _adavv
_d08/05/2019